LEADER 02891nam 22006734a 450 001 9910454447303321 005 20200520144314.0 010 $a1-282-29884-4 010 $a9786612298844 010 $a1-60509-015-8 035 $a(CKB)1000000000692699 035 $a(EBL)407854 035 $a(OCoLC)476226369 035 $a(SSID)ssj0000162746 035 $a(PQKBManifestationID)11163589 035 $a(PQKBTitleCode)TC0000162746 035 $a(PQKBWorkID)10208427 035 $a(PQKB)11416634 035 $a(MiAaPQ)EBC407854 035 $a(CaSebORM)9781605090153 035 $a(Au-PeEL)EBL407854 035 $a(CaPaEBR)ebr10315357 035 $a(CaONFJC)MIL229884 035 $a(EXLCZ)991000000000692699 100 $a20060217d2006 uy 0 101 0 $aeng 135 $aur|n|---||||| 181 $ctxt 182 $cc 183 $acr 200 10$aGetting to scale$b[electronic resource] $egrowing your business without selling out /$fJill Bamburg 205 $a1st ed. 210 $aSan Francisco, CA $cBerrett-Koehler ;$aBerkeley $cPublishers Group West [distributor]$dc2006 215 $a1 online resource (193 p.) 225 1 $a0 300 $aDescription based upon print version of record. 311 $a1-57675-416-2 320 $aIncludes bibliographical references (p. 153-163) and index. 327 $aContents; Foreword; Preface; Introduction: There IS Another Way; Chapter 1 Mission Comes First; Chapter 2 Any Business Can Do It; Chapter 3 Organic Is the Way to Grow; Chapter 4 Finance Your Independence; Chapter 5 Build Your Values into the Brand; Chapter 6 Match Manufacturing to Mission; Chapter 7 Morph Early and Often; Chapter 8 Form Follows Function; Chapter 9 The Soft Stuff Is the Hardest; Chapter 10 Getting to Scale: Is It Right for You?; Notes; Additional Resources; Index; A; B; C; D; E; F; G; H; I; J; K; L; M; N; O; P; R; S; T; U; V; W; Z; About the Author 330 $aJill Bamburg presents the first book to deal with a central issue for almost all small businesses: how to preserve one's values while simultaneously maintaining growth and competitiveness in the marketplace. 410 0$a0 606 $aSmall business$zUnited States$xManagement$vCase studies 606 $aEntrepreneurship$zUnited States$vCase studies 606 $aSocial responsibility of business$zUnited States$vCase studies 606 $aSuccess in business$zUnited States$vCase studies 608 $aElectronic books. 615 0$aSmall business$xManagement 615 0$aEntrepreneurship 615 0$aSocial responsibility of business 615 0$aSuccess in business 676 $a658.02/2 700 $aBamburg$b Jill$f1951-$0892091 801 0$bMiAaPQ 801 1$bMiAaPQ 801 2$bMiAaPQ 906 $aBOOK 912 $a9910454447303321 996 $aGetting to scale$91992287 997 $aUNINA LEADER 04568nam 2200541 450 001 9910153287703321 005 20230725035621.0 010 $a3-85569-638-1 035 $a(CKB)2670000000392704 035 $a(EBL)1061197 035 $a(OCoLC)819624254 035 $a(MiAaPQ)EBC1061197 035 $a(EXLCZ)992670000000392704 100 $a20160907h20102010 uy 0 101 0 $ager 135 $aur|n|---||||| 181 $2rdacontent 182 $2rdamedia 183 $2rdacarrier 200 10$aFestlich kochen mit Kindern $eGenussrezepte fu?r Herbst und Winter /$fMarianne Botta Diener ; lektorat, Christine Klingler Lu?thi 210 1$aZu?rich, [Switzerland] :$cBeobachter,$d2010. 210 4$dİ2010 215 $a1 online resource (376 p.) 225 0 $aEin Ratgeber aus der Beobachter-Praxis 300 $aIncludes index. 311 $a3-85569-446-X 327 $aCover; Kurztitel; Titel; Copyright; Inhalt; Feste Feiern, wie sie fallen; Feste Und Bra?uche am familientisch; Feste und Ga?ste; Geplant oder Spontan?; Ein Wort zum Gebrauch dieses Buches; Genuss geht vor; Guten Appetit!; Ga?ste Bewirten mit erfolg; Eltern in der Rolle der Gastgeber; Gut Organisiert: Plan A mit Checkliste; Auch Plan B macht spass; Feste Und Bra?uche; Septembermond, Erntedank, Halloween; Septembermond; Hirsch mit Rosenkohl und Marroni; Kno?pfli; Gefu?llte A?pfel; Preiselbeer-Konfitu?re; Erntedank; Bernerplatte mit Sauerkraut, Do?rrbohnen und Schweinefleisch; Kugelbretzeli; Weinbretzeli 327 $aHalloweenKu?rbis-Curry-Cremesuppe; Ku?rbis-Gnocchi; Penne-Ku?rbis-Gratin; Salziger Ku?rbiskuchen; Pumpkin Pie 42; Kindergeburtstag im herbst; Kuchen und Torten; Schokoladentorte; Crispy-Cake; Trauben-Streusel-Torte; Schwarzwa?lder Kirschtorte; Advent und Samichlaus; Advent; Adventskuchen; Karamell-Bonbons; Silvias Krachmandeln; Schoggi-Do?rrfru?chte; Samichlaus; Luzerner Lebkuchen; Nasentropfen-Lebkuchen; Gefu?llte Lebkuchen; Samichlaus-Fladen; Apfel-Birnen-Nuss-Kuchen; Zweifarbige Grittiba?nzen; Schinkenbutter; Orangenbutter; Lachsmousse; Weihnachtszeit - Guetzlizeit; Guetzlirezepte; Ingwertaler 327 $aSpitzbubenSpitzenkekse; Baumnuss-Schoggi-Kugeln; Limetten-Doppeldecker; Knusperguetzli; Haferflocken-Leckerli; Maila?nderli; Anke-Florentinerli; Vanillekipferl; Krokantwu?rfel; Zimtsterne; Mandelschnittchen; Sable?s; Grassins; Ka?seguetzli; Sbrinzbretzeli; Weihnachten und Silvester; Weihnachten; Fondue chinoise; Mandelreis; Weihnachtssalat; Nu?sslisalat mit Ei; Ru?eblisalat; Marronikuchen; Birnen-Schokoladen-Glace; Silvester; Gefu?llte Pastetli; Silvester-Pastetli; Churer Fleischtorte; Vegetarische Winterquiche; Cre?me bru?le?e; Mandarinensorbet; Pariser Zwiebelsuppe; Neujahr 327 $aSillsallad (Schwedischer Heringsalat)Dreiko?Nigstag und Fasnacht; Dreiko?nigstag; Klassischer Dreiko?nigskuchen; Galette des rois; Fasnacht; Basler Mehlsuppe; Schenkeli; Zigerkrapfen; Kochen fu?r Ga?ste; Das Herbstmenu?; Ape?ro; Baguettes mit Buttervariationen; Kra?uterbutter; Baumnussbutter; Preiselbeerbutter; Mandel-Kra?uter-Butter; Sesambutter; Vorspeise; Marinierte Birnen auf Bu?ndnerfleisch; Hauptgerichte; Gebratenes Poulet nach Fo?rsterinnenart; Schweinsbraten mit Champignonsauce; Cannelloni mit Pilzen und weisser Tru?ffel; Desserts; Ru?ebli-Apfel-Glace; Petits sable?s de Caen; Das Wintermenu?; Ape?ro 327 $aspeckgugelhupfVorspeisen; Steinpilzcreme-Suppe; Wintersalat mit Feigen; Hauptgerichte; Roastbeef mit Morchelsauce und Kartoffelgratin; Schweinsbraten nach Ba?ckerinnenart; Selleriescheiben in Bierteig; Dessert; Creme Karamell; Herbstbuffet mit Quiches und Tartes; Vielfalt ohne Grenzen; Kinder Helfen Mit; Optimal zum Vorbereiten; Tricks und Mengen; Quiches und Tartes mit Fleisch; Hackfleisch-Torte; Kartoffel-Wa?he mit Curry-Hackfleisch; Spinat-Bla?tterteigtaschen; Lothringer Zwiebelkuchen (Quiche Lorraine); Vegetarische Quiches und Tartes; Baumnussfladen mit Roquefort; Gemu?sekuchen 327 $aEierschwa?mmchen-Kuchen 606 $aCooking$vJuvenile literature 606 $aHoliday cooking$vJuvenile literature 606 $aHoliday cooking 615 0$aCooking 615 0$aHoliday cooking 615 0$aHoliday cooking. 676 $a641.5 700 $aDiener$b Marianne Botta$01371671 702 $aLu?thi$b Christine Klingler 801 0$bMiAaPQ 801 1$bMiAaPQ 801 2$bMiAaPQ 906 $aBOOK 912 $a9910153287703321 996 $aFestlich kochen mit Kindern$93401166 997 $aUNINA